Central Library OPAC University of Rajshahi

Knowing God / (Record no. 32014)

MARC details
000 -LEADER
fixed length control field 00664nam a22002177a 4500
001 - CONTROL NUMBER
control field 32014
003 - CONTROL NUMBER IDENTIFIER
rucl marc code BD-RjUL
005 - DATE AND TIME OF LATEST TRANSACTION
control field 20211209051758.0
008 - FIXED-LENGTH DATA ELEMENTS--GENERAL INFORMATION
fixed length control field 140423s1993 ir ||||| |||| 00| 0 eng d
035 ## - SYSTEM CONTROL NUMBER
System control number (BD-RjUL)32103
040 ## - CATALOGING SOURCE
Original cataloging agency BD-RjUL
Language of cataloging eng
Transcribing agency BD-RjUL
041 ## - LANGUAGE CODE
Language code of text/sound track or separate title eng
082 04 - DEWEY DECIMAL CLASSIFICATION NUMBER
Author mark and year LAK 1993
Classification number 211
Edition number 23
100 1# - MAIN ENTRY--PERSONAL NAME
Personal name Lari, Sayyid Mujtaba Musawi
9 (RLIN) 97444
245 1# - TITLE STATEMENT
Title Knowing God /
Statement of responsibility, etc. Sayyid Mujtaba Musawi Lari, Translated By F. J. Goulding
260 ## - PUBLICATION, DISTRIBUTION, ETC. (IMPRINT)
Place of publication, distribution, etc. Iran :
Name of publisher, distributor, etc. Foundation of Islamic Cultural Propagation in the World,
Date of publication, distribution, etc. 1993
300 ## - PHYSICAL DESCRIPTION
Pagination 47 p. ;
Size 22 cm.
650 ## - SUBJECT ADDED ENTRY--TOPICAL TERM
Topical term or geographic name as entry element God (Islam)
9 (RLIN) 97445
700 1# - ADDED ENTRY--PERSONAL NAME
Personal name Goulding, F. J. ,
Relator term tr.
942 ## - ADDED ENTRY ELEMENTS (KOHA)
Source of classification or shelving scheme Dewey Decimal Classification
Koha item type Books
Holdings
Lost status Source of classification or shelving scheme Damaged status Not for loan Collection code Permanent Location Current Location Shelving location Date acquired Source of acquisition Total Checkouts Full call number Date last seen Copy number Koha item type
  Dewey Decimal Classification   Not For Loan Non-fiction Central Library, University of Rajshahi Central Library, University of Rajshahi Reading Room 11/12/2001 Author   211 LAK 1993 23/04/2014 C-1 Books